<?xml version="1.0" encoding="UTF-8"?>
<record
    xmlns:xsi="http://www.w3.org/2001/XMLSchema-instance"
    xsi:schemaLocation="http://www.loc.gov/MARC21/slim http://www.loc.gov/standards/marcxml/schema/MARC21slim.xsd"
    xmlns="http://www.loc.gov/MARC21/slim">

  <leader>01124nam a22002057a 4500</leader>
  <controlfield tag="001">7976</controlfield>
  <controlfield tag="003">FISKH</controlfield>
  <controlfield tag="005">20250828133434.0</controlfield>
  <controlfield tag="008">250815b        cb ||||| |||| 00| 0 eng d</controlfield>
  <datafield tag="020" ind1=" " ind2=" ">
    <subfield code="a">9781912456376</subfield>
  </datafield>
  <datafield tag="040" ind1=" " ind2=" ">
    <subfield code="a">FISKH</subfield>
    <subfield code="b">eng</subfield>
    <subfield code="c">FISKH</subfield>
    <subfield code="d">FISKH</subfield>
  </datafield>
  <datafield tag="082" ind1=" " ind2=" ">
    <subfield code="a">794.8</subfield>
  </datafield>
  <datafield tag="100" ind1=" " ind2=" ">
    <subfield code="a">Berry,  Naomi</subfield>
  </datafield>
  <datafield tag="245" ind1=" " ind2=" ">
    <subfield code="a">The definitive guide to fortnite 2020 /</subfield>
    <subfield code="c">By Naomi Berry</subfield>
  </datafield>
  <datafield tag="260" ind1=" " ind2=" ">
    <subfield code="a">Edinburgh, Scotland :</subfield>
    <subfield code="b">Pillar Box Red ,</subfield>
    <subfield code="c">2019.</subfield>
  </datafield>
  <datafield tag="300" ind1=" " ind2=" ">
    <subfield code="a">62 pages : </subfield>
    <subfield code="b">color illustrations ;</subfield>
    <subfield code="c">29 cm . </subfield>
  </datafield>
  <datafield tag="520" ind1=" " ind2=" ">
    <subfield code="a">The world has gone mad for Fortnite with millions of people around the world heading into battle. If you're a fan there's no better way to sharpen your skill than with this definitive guide. Give yourself the upper hand and learn everything from the basics on gathering, building and surviving to how to navigate the map and pro survival tips. There's all the tactics, tricks and strategies you need to give you an edge in the world's most popular online game. And if that's not enough there are puzzles, quizzes and games to test your knowledge and sharpen your wit. </subfield>
  </datafield>
  <datafield tag="942" ind1=" " ind2=" ">
    <subfield code="2">ddc</subfield>
    <subfield code="c">BK</subfield>
    <subfield code="n">0</subfield>
  </datafield>
  <datafield tag="999" ind1=" " ind2=" ">
    <subfield code="c">7976</subfield>
    <subfield code="d">7976</subfield>
  </datafield>
  <datafield tag="952" ind1=" " ind2=" ">
    <subfield code="0">0</subfield>
    <subfield code="1">0</subfield>
    <subfield code="2">ddc</subfield>
    <subfield code="4">0</subfield>
    <subfield code="7">0</subfield>
    <subfield code="8">NFIC</subfield>
    <subfield code="a">002</subfield>
    <subfield code="b">002</subfield>
    <subfield code="c">SNS</subfield>
    <subfield code="d">2025-08-15</subfield>
    <subfield code="l">0</subfield>
    <subfield code="o">BER 794.8</subfield>
    <subfield code="p">2025-4115</subfield>
    <subfield code="r">2025-08-15 14:22:52</subfield>
    <subfield code="w">2025-08-15</subfield>
    <subfield code="y">BK</subfield>
  </datafield>
</record>
